Καραγκιόζης ο Μέγας : σάτιρα
Saved in:
| Main Author: | |
|---|---|
| Format: | Book |
| Language: | Greek |
| Published: |
[Αθήνα] :
Δημιουργία,
1991
|
| Series: | Τεχνουργοί του λόγου ;
; 2 |
| Subjects: | |
| Tags: |
Add Tag
No Tags, Be the first to tag this record!
|
MARC
| LEADER | 00000nam a2200000 i 4500 | ||
|---|---|---|---|
| 001 | 1/85892 | ||
| 008 | 960912s1991 gre d | ||
| 035 | |a 1992 |b 1 |c Βιβλιοθήκη |l 10034822 | ||
| 040 | |a GR-MY-UA |b gre |e aacr | ||
| 041 | 0 | |a gre | |
| 082 | 0 | |a 791.5 | |
| 100 | 1 | |a Πολίτης, Φώτος |d 1890-1934. | |
| 245 | 1 | 0 | |a Καραγκιόζης ο Μέγας : |b σάτιρα / |c Φώτου Πολίτη |
| 260 | |a [Αθήνα] : |b Δημιουργία, |c 1991 | ||
| 300 | |a 216 σ. | ||
| 490 | 1 | |a Τεχνουργοί του λόγου |v ; 2 | |
| 630 | 0 | 0 | |a Karagiozis. |
| 650 | 0 | 0 | |a Folk drama, Greek (Modern) |
| 650 | 0 | 0 | |a Shadow shows |z Greece. |
| 830 | 0 | |a Τεχνουργοί του λόγου ; |v ; 2 | |
| 852 | |a INST |b RHODES |e 19960912 |h 791.5 ΠΟΛ |p 005400008266 |q 005400008266 |t BK |y 0 | ||
| 909 | |a Ρ |b 022542 |c 1992 | ||